A felsőzempléni csata
Frontová správa o bojoch s ruskou armádou v okolí Humenného a v údolí rieky Snina. [1. svetová vojna]
| Médium: | Článok |
|---|---|
| Jazyk: | Hungarian |
| Témy: | |
| Zdroj: |
1. Kassai Ujság 1. Roč. 5, č. 271 (26.11.1914) s. 1 |
| LEADER | 00813nab#a2200301#ar4500 | ||
|---|---|---|---|
| 001 | 000076987 | ||
| 003 | SVKKK | ||
| 005 | 20060717xxxxxxx. | ||
| 008 | 06 c xo huno | ||
| FMT | |||
| 038 | |a SVKKK | ||
| 040 | |a SVKKK |b slo |e AACR2 | ||
| 041 | 0 | |a hun | |
| 044 | |a xo |c SK | ||
| 080 | |a 323 | ||
| 242 | 1 | 0 | |a Hornozemplínska bitka |
| 245 | 0 | 0 | |a A felsőzempléni csata |
| 520 | 2 | |a Frontová správa o bojoch s ruskou armádou v okolí Humenného a v údolí rieky Snina. [1. svetová vojna] | |
| 650 | 0 | 4 | |a vojna svetová 1. - Humenné - Snina - november 1914 - správa frontová |
| 773 | 0 | |t Kassai Ujság |g Roč. 5, č. 271 (26.11.1914) s. 1 | |
| 957 | |a Humenné | ||
| 957 | |a Snian | ||
| 958 | |a DG | ||
| 958 | |a SK | ||
| 974 | |a Ba |d 20060717 | ||
| 992 | |a RBX | ||
| BAS | |||
| 998 | |a RETRO | ||